| 000 | 00000nam##2200000za#4500 |
| 001 | 9.643017 |
| 003 | CaOODSP |
| 005 | 20210624223957 |
| 007 | cr ||||||||||| |
| 008 | 150407|1997||||xxc|||||o f|0| 0 fre|d |
| 040 | |aCaOODSP|bfre |
| 043 | |an-cn--- |
| 086 | 1 |aF2-97/2-1997F-PDF |
| 110 | 1 |aCanada. |bMinistère des finances. |
| 245 | 10|aNotes explicatives concernant l'impôt sur le revenu / |h[ressource électronique]|cpubliées par le ministre des Finances, l'honorable Paul Martin, c.p., député. |
| 260 | |aOttawa - Ontario : |bFinances Canada |cDécembre 1997. |
| 300 | |a146, 149, 227, 93p.|btableaux |
| 500 | |a«Les présentes notes explicatives portent sur les modifications qu'il est proposé d'apporter à la Loi de l'impôt sur le revenu et à d'autres lois. Elles donnent une explication détaillée de chacune des modifications à l'intention des parlementaires, des contribuables et de leurs conseillers professionnels.»--Avant-propos, p.3 de 146. |
| 500 | |aLe n° de catalogue (F2-97/2-1997F) et l'ISBN (0-660-95820-1) de l'édition imprimée ont été incorrectement copiés dans l'édition électronique. |
| 520 | 3 |a« Les présentes notes explicatives portent sur les modifications qu'il est proposé d'apporter à la Loi de l'impôt sur le revenu et à d'autres lois. Elles donnent une explication détaillée de chacune des modifications à l'intention des parlementaires, des contribuables et de leurs conseillers professionnels. »--Avant-propos, p.3 de 146. |
| 590 | |a14-06-Supp|b2014-03-21 |
| 691 | 07|aImpôt sur le revenu|2gcpds |
| 775 | 08|tExplanatory notes relating to income tax / |w(CaOODSP)9.699029 |
| 776 | 0#|tNotes explicatives concernant l'impôt sur le revenu / |w(CaOODSP)9.680295 |
| 856 | 40|ahttp://publications.gc.ca|qPDF|s318 Ko|uhttps://publications.gc.ca/collections/Collection-R/Finance/Budget97/97-en1-f.pdf |
| 856 | 40|ahttp://publications.gc.ca|qPDF|s327 Ko|uhttps://publications.gc.ca/collections/Collection-R/Finance/Budget97/97-en2-f.pdf |
| 856 | 40|ahttp://publications.gc.ca|qPDF|s469 Ko|uhttps://publications.gc.ca/collections/Collection-R/Finance/Budget97/97-en3-f.pdf |
| 856 | 40|ahttp://publications.gc.ca|qPDF|s190 Ko|uhttps://publications.gc.ca/collections/Collection-R/Finance/Budget97/97-en4-f.pdf |